000 00621nam a2200229Ia 4500
003 OSt
005 20221007072030.0
006 a|||||r|||| 00| 0
007 ta
008 221006b |||||||| |||| 00| 0 eng d
024 _a15,791
037 _cTextual
040 _aFLL
_cFLL
_beng
041 _2eng
_aeng
082 _aX7::2:N3, H2
100 _aMisra B.R. Au.
_9689940
245 0 _aIndian provincial finance.1919-1939
260 _aLondon
_bOxford university press London
_c1942
300 _axvi,349p
_ccm.
942 _hX7::2:N3, H2
_cTEXL
_2CC
999 _c1145035
_d1145035